Statistiques concernant Circuits de Formule 1 #1

Cliquez ici pour prendre le quiz!

Statistiques générales

  • Ce quiz a été pris 88 fois
  • Le résultat moyen est 8 sur 16

Statistiques - réponses

Réponse% Correct
Monza
95%
Monaco
65%
Barcelone
61%
Melbourne
60%
Spa
60%
Suzuka
60%
Singapour
58%
Djeddah
47%
Austin
44%
Silverstone
42%
Zandvoort
40%
Sakhir
39%
Spielberg
34%
Gilles-Villeneuve
31%
Hungaroring
31%
Castellet
21%

Distribution des résultats

Percentile par nombre de réponses

% des personnes avec chaque résultat

Votre développement - résultats

Vous n’avez pas pris ce quiz